| 000 | 00863 am a2200289ua 4500 | ||
|---|---|---|---|
| 001 | 007401284 | ||
| 005 | 20140302115025.0 | ||
| 008 | 870923s1987 xxkad gr 001 0 eng d | ||
| 020 | _a0712109730 (pbk) | ||
| 020 | _a9780712109734 | ||
| 040 |
_aUk _cUk |
||
| 043 | _ae-uk--- | ||
| 082 | 0 | 4 |
_a332.60941 _222 _bKER |
| 100 | 1 |
_aKerridge, David _935110 |
|
| 245 | 1 | 0 |
_aInvestment : _ba practical approach / _cDavid Kerridge. |
| 250 | _a1st ed. | ||
| 260 |
_aLondon : _bPitman, _c1987. |
||
| 300 |
_ax, 307 p. : _bchart, tables ; _c18 cm. |
||
| 490 | 1 |
_aThe M & E handbook series, _x0265-8828 |
|
| 500 | _aIndex : p. 301-307. | ||
| 500 | _aIncludes appendix. | ||
| 650 | 0 |
_aInvestments _zGreat Britain _935111 |
|
| 653 |
_bBUSECO _cFebruary2014 |
||
| 655 |
_vreading book _934232 |
||
| 830 | 4 |
_aThe M & E handbook series _935112 |
|
| 942 |
_2ddc _k332.60941 KER |
||
| 999 |
_c18045 _d18017 |
||